Hot Ones Season 10 Quiz Stats

 Plays Quiz not verified by Sporcle

Support Sporcle.
Go Orange.
Score 0/12 Timer 04:00
0 Plays Today
Hint Answer % Correct
Actor - Ant ManPaul Rudd
78.5%
Actress - TwilightKristen Stewart
77.3%
Actor - Punked!Ashton Kutcher
70.8%
Actress - Game of ThronesMaisie Williams
60.3%
Musician - OasisNoel Gallagher
57.5%
Actor - TransformersShia LaBeouf
51.7%
Actor - Parks and RecreationNick Offerman
50.6%
Rapper - 'No Problem'Chance the Rapper
45.1%
Actor - The Force AwakensJohn Boyega
38.4%
You Tuber/Actress - FreakishLiza Koshy
16.7%
Rapper - 'Suge'DaBaby
12.9%
Chef - It's Alive!Brad Leone
12.7%

You're not logged in!

Compare scores with friends on all Sporcle quizzes.
OR
Log In

From the Vault

Harry Potter Safe Cracker

by rockgolf

This might be harder to crack than the Chamber of Secrets.
Remove Ads.
Support Sporcle.
Get the best of Sporcle when you Go Orange. This ad-free experience offers more features, more stats, and more fun while also helping to support Sporcle. Thank you for becoming a member.

Show Comments

Extras

Top Quizzes Today


Score Distribution

Your Account Isn't Verified!

In order to create a playlist on Sporcle, you need to verify the email address you used during registration. Go to your Sporcle Settings to finish the process.

Report this User

Report this user for behavior that violates our Community Guidelines.

Details: